Miles Morales : Spider-Man. Webs of Wakanda / Cody ... Read More
Available copies
- 1 of 2 copies available at LARL/NWRL Consortium.
- 1 of 2 copies available at Lake Agassiz Regional Library. (Show preferred library)
Current holds
0 current holds with 2 total copies.
Show All Copies
| Location | Call Number / Copy Notes | Barcode | Shelving Location | Status | Due Date |
|---|---|---|---|---|---|
| Detroit Lakes Public Library | Y G ZIG (Text) | 33500014212526 | New | Available | - |
Record details
- ISBN: 9781302960858
- ISBN: 1302960857
- Physical Description: 1 volume (unpaged) : illustrations (chiefly color) ... Read More
- Publisher: New York, NY : Marvel Worldwide, Inc., a subsidiary of Marvel Entertainment, LLC, [2025]
- Copyright: ©2025.
Content descriptions
| General Note: | "Spider-Man created by Stan Lee and Steve Ditko." "Collecting Miles Morales : Spider-Man (2022) #25 and #27-29 Miles Morales : Spider-Man annual ... Read More |
| Formatted Contents Note: | Miles Morales : Spider-Man annual #1 "One the ... Read More |
| Summary, etc.: | "Spider-Man is out of control! His vampiric ... Read More |
| Target Audience Note: | Rated: T. |
Search for related items by subject
| Genre: | Superhero comics. Action and adventure comics. Comics (Graphic works) Graphic novels. |
Search for related items by series
| LDR | 04035cam a2200709 i 4500 | ||
|---|---|---|---|
| 001 | 464841 | ||
| 003 | LARL_NWRL_CONSORTIUM | ||
| 005 | 20250604203852.0 | ||
| 008 | 250507t20252025nyua d 6 000 1 eng d | ||
| 040 | . | ‡aHBP ‡beng ‡erda ‡cHBP ‡dIG# ‡dOCLCO ‡dSDG ‡dIUK ‡dVP@ ‡dRNL ‡dOCLCO ‡dSDD ‡dOCLCL | |
| 020 | . | ‡a9781302960858 ‡q(paperback) | |
| 020 | . | ‡a1302960857 ‡q(paperback) | |
| 035 | . | ‡a(OCoLC)1518697266 | |
| 043 | . | ‡an-us-ny | |
| 082 | 0 | 4. | ‡a741.5/973 ‡223/eng/20250212 |
| 100 | 1 | . | ‡aZiglar, Cody, ‡eauthor. |
| 245 | 1 | 0. | ‡aMiles Morales : ‡bSpider-Man. ‡pWebs of Wakanda / ‡cCody Ziglar,writer ; Daniele Di Nicuolo, artist ; Bryan Valenza, color artist ; VC's Cory Petit, letterer. |
| 246 | 3 | 0. | ‡aSpider-Man. ‡pWebs of Wakanda |
| 246 | 3 | 0. | ‡aWebs of Wakanda |
| 264 | 1. | ‡aNew York, NY : ‡bMarvel Worldwide, Inc., a subsidiary of Marvel Entertainment, LLC, ‡c[2025] | |
| 264 | 4. | ‡c©2025. | |
| 300 | . | ‡a1 volume (unpaged) : ‡billustrations (chiefly color) ; ‡c26 cm. | |
| 336 | . | ‡atext ‡btxt ‡2rdacontent | |
| 336 | . | ‡astill image ‡bsti ‡2rdacontent | |
| 337 | . | ‡aunmediated ‡bn ‡2rdamedia | |
| 338 | . | ‡avolume ‡bnc ‡2rdacarrier | |
| 490 | 0 | . | ‡aMiles Morales: Spider-Man by Cody Ziglar ; ‡v6 |
| 500 | . | ‡a"Spider-Man created by Stan Lee and Steve Ditko." | |
| 500 | . | ‡a"Collecting Miles Morales : Spider-Man (2022) #25 and #27-29 Miles Morales : Spider-Man annual (2024) #1"--Tp verso. | |
| 505 | 0 | . | ‡aMiles Morales : Spider-Man annual #1 "One the road" / Cody Ziglar, writer ; David Baldeon, artist ; Protobunker's Dono Sanchez-Almara, color artist ; VC's Cory Petit, letterer -- "Leyendas" / Curtis Baxter, writer ; Alitha E. Martinez, artist ; Ceci de la Cruz, color artist ; VC's Cory Petit, letterer -- "Family Bitniz" / Cody Ziglar, writer ; Fererico Sabbatini, artist ; Bryan Valenza, color artist ; VC's Cory Petit, letterer |
| 521 | 8 | . | ‡aRated: T. |
| 520 | . | ‡a"Spider-Man is out of control! His vampiric bloodlust consumes him -- just as he will consume everyone he loves to quench his unholy thirst! No one can hope to stop this monstrous Miles Morales, but the Black Panther is about to step up to the plate!"-- ‡cAmazon. | |
| 600 | 1 | 0. | ‡aMorales, Miles ‡c(Fictitious character) ‡vComic books, strips, etc. |
| 600 | 0 | 0. | ‡aSpider-Man ‡c(Fictitious character) ‡vComic books, strips, etc. |
| 650 | 0. | ‡aSuperheroes ‡vComic books, strips, etc. | |
| 650 | 0. | ‡aSupervillains ‡vComic books, strips, etc. | |
| 650 | 0. | ‡aVampires ‡vComic books, strips, etc. | |
| 600 | 0 | 0. | ‡aBlack Panther ‡c(Fictitious character) ‡vComic books, strips, etc. |
| 650 | 7. | ‡aCOMICS & GRAPHIC NOVELS / Superheroes. ‡2bisacsh | |
| 650 | 7. | ‡aCOMICS & GRAPHIC NOVELS / Fantasy. ‡2bisacsh | |
| 650 | 7. | ‡aCOMICS & GRAPHIC NOVELS / Science Fiction. ‡2bisacsh | |
| 655 | 7. | ‡aSuperhero comics. ‡2lcgft | |
| 655 | 7. | ‡aAction and adventure comics. ‡2lcgft | |
| 655 | 7. | ‡aComics (Graphic works) ‡2lcgft | |
| 655 | 7. | ‡aGraphic novels. ‡2lcgft | |
| 700 | 1 | . | ‡aDi Nicuolo, Daniele, ‡eartist. ‡1https://id.oclc.org/worldcat/entity/E39PCjqtyMCX6J7TWMcRm6mdpP |
| 700 | 1 | . | ‡aBaldeón, David, ‡d1976- ‡eartist. ‡1https://id.oclc.org/worldcat/entity/E39PCjwrQHMKXv8xMvQKWMV9jC |
| 700 | 1 | . | ‡aSanchez Almara, Dono, ‡ecolorist. ‡1https://id.oclc.org/worldcat/entity/E39PCjqXmPcPD39MwkrhjVyKV3 |
| 700 | 1 | . | ‡aValenza, Bryan, ‡ecolorist. ‡1https://id.oclc.org/worldcat/entity/E39PCjD9ddjxhRwxTdGRDgG7f3 |
| 700 | 1 | . | ‡aBaxter,Curtis, ‡eauthor. |
| 700 | 1 | . | ‡aMartinez, Alitha E., ‡eartist. ‡1https://id.oclc.org/worldcat/entity/E39PBJyGVFHB3qYrKJKHDRwBfq |
| 700 | 1 | . | ‡aCruz, Ceci de la, ‡ecolorist. |
| 700 | 1 | . | ‡aSabbatini, Federico, ‡d1989- ‡eartist. |
| 700 | 1 | . | ‡aPetit, Cory, ‡eletterer. ‡1https://id.oclc.org/worldcat/entity/E39PCjvGVXTcff7yjGyTtkb68C ‡0(LARL_NWRL_CONSORTIUM)214950 |
| 901 | . | ‡a464841 ‡bAUTOGEN ‡c464841 ‡tbiblio | |

Add to basket
Permalink
Disable Highlighting